[Event "North Sea Cup 15th"]
[Site "Esbjerg"]
[Date "2000.07.15"]
[Round "9"]
[White "Grischuk, Alexander"]
[Black "Gulko, Boris F"]
[Result "1-0"]
[WhiteElo "2606"]
[BlackElo "2643"]
[Annotator "Psakhis,L"]
[PlyCount "69"]
[EventDate "2000.07.07"]
[EventType "tourn"]
[EventRounds "9"]
[EventCountry "DEN"]
[EventCategory "14"]
[SourceTitle "CBM 078"]
[Source "ChessBase"]
[SourceDate "2000.10.18"]
[SourceVersion "1"]
[SourceVersionDate "2000.10.18"]
[SourceQuality "1"]

1. e4 e6 2. d4 d5 3. e5 c5 4. c3 Nc6 5. Nf3 Bd7 6. Be2 Nge7 7. Na3 cxd4 8. cxd4
Nf5 9. Nc2 Qb6 10. O-O Rc8 (10... a5 $5) 11. Kh1 $146 {Grischuk already used
this plan few round early in the game against Gurevich} (11. a3 Na5 12. b4 Nc4
13. g4 Ne7 14. Ne3 a5 15. Ng5 Nc6 16. Nxc4 dxc4 17. Be3 Qc7 18. Bxc4 Nxe5 19.
dxe5 Qxc4 20. Nxf7 Kxf7 21. Qxd7+ Be7 22. Qxb7 Rc7 23. Qf3+ Ke8 24. Rac1 {
1-0 Eder,J-Gasser,K/OST-chJ 1993 (24)}) (11. h4 h5 12. Bg5 Be7 13. Qd2 Qa5 14.
Qd3 Bxg5 15. hxg5 Nb4 16. Nxb4 Qxb4 17. a3 Qb6 18. Rfc1 O-O 19. b4 a5 $11 {
Jonkman,H-Holzke,F/Muenster op 1999/0-1 (66)}) ({Deserves attention also} 11.
g4 $5 Nfe7 {for example} 12. Nh4 (12. Nfe1 h5 13. gxh5 Nf5 14. Be3 Na5 15. b3
Bb5 16. Nd3 Nc6 17. Rc1 a5 18. Nf4 Bxe2 19. Qxe2 Qd8 20. h3 $1 Qh4 21. Qg4 $14
{1-0 Grosar,A-Poldauf,D/AUT t-ch 9900 2000 (46)}) 12... Ng6 13. Ng2 f6 14. exf6
gxf6 15. Kh1 Bd6 16. f4 Nce7 17. Qd3 $36 {1-0 Sveshnikov,E-Atalik,S/SLO t-ch
Bled 1999/EXT 2000 (37)}) 11... Na5 12. g4 {Typical move in this line} Ne7 13.
Nfe1 Bb5 14. Nd3 $1 {Protects so important light-coloured bishop from exchange.
} h5 $5 15. gxh5 Nf5 16. Be3 g6 $6 ({It's looks that simple} 16... Nc4 $142 $13
{was stronger than optimictic move in the text}) 17. hxg6 fxg6 18. Rg1 Qc7 19.
Nde1 {Brings knight to defence, after natural} (19. Rc1 $143 $6 Qh7 20. Rg2 {
Black could make draw immediately -} Nh4 21. Rg3 (21. Rg4 $2 Nf3 $1) 21... Nf5
$11) 19... Bxe2 20. Qxe2 Qh7 21. Nf3 g5 (21... Nc6 22. Rg2 Qh5 $13) (21... Qh3
22. Nce1 Nc6 23. Qf1 $14 {[%cal Gf1g2]}) 22. Rg2 (22. Rac1 $5) 22... Nh4 {
It is very easy to get feeling that Gulko got enough compensation for the pawn,
bt it is only illusion!} (22... Rxc2 $2 23. Qxc2 Ng3+ 24. fxg3 $18 {[%cal
Yg2c2]}) 23. Nxh4 $6 ({After simple and strong} 23. Qb5+ $142 Nc6 24. Nxh4 (24.
Nxg5 $5) 24... gxh4 25. Ne1 $16 {White could keep solid advantage.}) 23... Rxc2
$1 24. Qb5+ Nc6 25. Nf3 $16 (25. Bxg5 a6 26. Qb6 Rc4 {[%csl Rd4]}) 25... Bh6 $1
26. Bxg5 a6 $6 $138 {Final mistake in time troubles, but and after best} (26...
Rf8 27. Qb3) (26... Rg8 27. Rag1 Qe4 {white's advantage is obvious after} 28.
Bxh6 Rxg2 (28... Qxf3 29. Qb3 Qe4 30. Qxc2 $1 Qxc2 31. Rxg8+ Kd7 32. R1g7+ Ne7
33. Rf7 $1 $18) 29. Kxg2 Qg4+ 30. Kf1 Qh3+ (30... Qxf3 31. Rg8+ Kf7 32. Qxb7+
$18) 31. Rg2 Qxh6 32. Ne1 $16) 27. Qb3 Bxg5 28. Nxg5 Qf5 (28... Nxd4 29. Qa4+
$18) 29. Nxe6 $1 $18 {Beggining of the end!} Ke7 30. Ng7 (30. Qxd5 $1) 30...
Qe4 31. Qxb7+ Kf8 32. Ne6+ (32. Qc8+ $18) 32... Ke8 33. Qc8+ Ke7 34. Qxh8 Rxf2
35. Qg7+ (35. Qg7+ Kxe6 36. Qg6+ $18) 1-0

[Event "RUS Cup final 4th"]
[Site "Elista"]
[Date "2000.08.19"]
[Round "1"]
[White "Bocharov, Dmitry"]
[Black "Grischuk, Alexander"]
[Result "1/2-1/2"]
[WhiteElo "2438"]
[BlackElo "2606"]
[PlyCount "80"]
[EventDate "2000.08.19"]
[EventType "tourn"]
[EventRounds "11"]
[EventCountry "RUS"]
[EventCategory "12"]
[SourceTitle "CBM 079"]
[Source "ChessBase"]
[SourceDate "2000.11.21"]
[SourceVersion "1"]
[SourceVersionDate "2000.11.21"]
[SourceQuality "1"]

1. d4 d5 2. c4 e6 3. Nf3 c6 4. Nbd2 f5 5. g3 Nf6 6. Bg2 Bd6 7. Ne5 O-O 8. O-O
b6 9. Ndf3 Bb7 10. Bf4 Ne4 11. Rc1 c5 12. Nd3 Nc6 13. dxc5 bxc5 14. Bxd6 Qxd6
15. Nd2 Ne5 16. cxd5 Nxd3 17. exd3 Nxd2 18. Qxd2 Bxd5 19. Bxd5 Qxd5 20. Rfe1 f4
21. gxf4 Rf6 22. Re5 Qxa2 23. Rexc5 h6 24. Qb4 Qa6 25. Qe4 Raf8 26. Rc7 Rxf4
27. Qg6 R4f7 28. Rxf7 Rxf7 29. Qe4 Rf5 30. h4 Qb6 31. Qe2 e5 32. Rc4 h5 33. Kf1
Qg6 34. Qe3 a6 35. Re4 Qf6 36. Rc4 Kh7 37. Qe4 g6 38. Rc7+ Kh6 39. Qe3+ Rf4 40.
Rc5 Qxh4 1/2-1/2

[Event "RUS Cup final 4th"]
[Site "Elista"]
[Date "2000.08.20"]
[Round "2"]
[White "Grischuk, Alexander"]
[Black "Volkov, Sergey"]
[Result "0-1"]
[WhiteElo "2606"]
[BlackElo "2554"]
[PlyCount "70"]
[EventDate "2000.08.19"]
[EventType "tourn"]
[EventRounds "11"]
[EventCountry "RUS"]
[EventCategory "12"]
[SourceTitle "CBM 079"]
[Source "ChessBase"]
[SourceDate "2000.11.21"]
[SourceVersion "1"]
[SourceVersionDate "2000.11.21"]
[SourceQuality "1"]

1. e4 e6 2. d4 d5 3. Nd2 Nf6 4. e5 Nfd7 5. f4 c5 6. c3 Nc6 7. Ndf3 Qb6 8. a3
cxd4 9. cxd4 Na5 10. Ne2 Qb3 11. Qd2 b6 12. Nc3 Nc4 13. Qf2 Ba6 14. h4 Rc8 15.
Rh3 Nb8 16. Ng5 Nxa3 17. Bxa6 Nxa6 18. Kf1 h6 19. Nf3 Nb8 20. Kg1 a6 21. f5 Qc2
22. Ne2 Qd1+ 23. Kh2 Nc2 24. Rb1 Nb4 25. fxe6 fxe6 26. Ne1 Be7 27. Nc3 Qg4 28.
Nf3 Qf5 29. Ra1 N8c6 30. Bd2 b5 31. Rf1 Kd7 32. Bc1 g5 33. hxg5 hxg5 34. Nxg5
Qxf2 35. Rxf2 Nd3 0-1

[Event "RUS Cup final 4th"]
[Site "Elista"]
[Date "2000.08.21"]
[Round "3"]
[White "Kosyrev, Vladimir"]
[Black "Grischuk, Alexander"]
[Result "1/2-1/2"]
[WhiteElo "2512"]
[BlackElo "2606"]
[PlyCount "62"]
[EventDate "2000.08.19"]
[EventType "tourn"]
[EventRounds "11"]
[EventCountry "RUS"]
[EventCategory "12"]
[SourceTitle "CBM 079"]
[Source "ChessBase"]
[SourceDate "2000.11.21"]
[SourceVersion "1"]
[SourceVersionDate "2000.11.21"]
[SourceQuality "1"]

1. d4 d5 2. c4 e6 3. Nc3 c6 4. e3 Bd6 5. Qc2 f5 6. Bd3 a6 7. Nge2 Nf6 8. f3 O-O
9. Bd2 b6 10. O-O-O Kh8 11. e4 fxe4 12. fxe4 dxc4 13. Bxc4 e5 14. Rhf1 b5 15.
Bb3 Qe7 16. dxe5 Bxe5 17. Bf4 a5 18. Bxe5 Qxe5 19. Qd2 a4 20. Bc2 a3 21. bxa3
Bg4 22. Qd6 Nbd7 23. Qxe5 Nxe5 24. h3 Bxe2 25. Nxe2 Rxa3 26. Rf5 Re8 27. Bb3
Nfd7 28. Kb2 Rea8 29. Nd4 g6 30. Rff1 Nc5 31. Nc2 R3a7 1/2-1/2

[Event "RUS Cup final 4th"]
[Site "Elista"]
[Date "2000.08.22"]
[Round "4"]
[White "Grischuk, Alexander"]
[Black "Kotsur, Pavel"]
[Result "1-0"]
[WhiteElo "2606"]
[BlackElo "2589"]
[Annotator "Finkel,A"]
[PlyCount "107"]
[EventDate "2000.08.19"]
[EventType "tourn"]
[EventRounds "11"]
[EventCountry "RUS"]
[EventCategory "12"]
[SourceTitle "CBM 079"]
[Source "ChessBase"]
[SourceDate "2000.11.21"]
[SourceVersion "1"]
[SourceVersionDate "2000.11.21"]
[SourceQuality "1"]

1. e4 c5 2. Nf3 Nc6 3. Bb5 e6 4. O-O Nge7 5. c3 a6 6. Ba4 b5 7. Bc2 Bb7 8. Qe2
Qb6 (8... d5 9. e5 {[%cal Gd2d4]} d4 10. Be4 Ng6 11. cxd4 cxd4 12. d3 Be7 13.
Nbd2 O-O 14. Nb3 Qb6 15. h4 Rfd8 ({Loosing a pawn} 15... a5 16. h5 a4 17. Bxc6
Bxc6 18. Nbxd4 Nh8 19. Nxc6 Qxc6 20. Bg5 Bxg5 21. Nxg5 h6 22. Ne4 $16 {
Tkachiev,V-Cherniaev,A/Biel 1994}) 16. h5 Nf8 $8 (16... Nh4 $2 17. Nxh4 Bxh4
18. Qg4 Be7 19. Bh6 Bf8 20. Bxg7 Bxg7 21. h6 $18) 17. h6 g6 18. Bg5 $14 {
[%csl Rc5,Rd6,Rf6] Pavasovic,D-Oral,T/Mitropa Cup 1999}) 9. Rd1 d5 10. e5 d4 $8
11. Be4 (11. cxd4 Nxd4 12. Nxd4 cxd4 13. Be4 d3 14. Bxd3 Qc6 15. f3 Qc5+ 16.
Kh1 Ng6 17. Be4 $14 {Rublevsky,S-Minasian,A/Montecatini Terme 2000}) 11... Rd8
(11... Ng6 12. d3 Be7 13. cxd4 cxd4 14. Nbd2 (14. Na3 Bd8 15. Nc2 Bc7 16. Ncxd4
Ncxe5 17. Nxe5 Nxe5 $13 {Totsky,L-Belikov,V/RUS Army-ch 1995}) 14... O-O 15.
Nb3 Rfd8 16. h4 Qc7 17. Bd2 Ngxe5 $2 18. Nxe5 Qxe5 19. Na5 $1 $18 {Tkachiev,
V-Pinski,J/Geneva op 1997}) 12. d3 h6 13. Nbd2 Nd5 ({Very serious attention
deserved} 13... dxc3 $5 14. bxc3 Nd5 15. Bb2 Be7 16. c4 bxc4 (16... Nf4 17. Qe3
Ng6 18. cxb5 axb5 19. a4 bxa4 20. Nc4 $11) 17. Nxc4 Qc7 18. Rac1 O-O $13 {
with unclear position}) 14. cxd4 cxd4 15. a4 $1 Be7 16. axb5 axb5 17. Nb3 O-O
18. Bd2 {[%cal Gb3a5]} b4 {Defending from 19.Na5} (18... f5 $6 19. exf6 Rxf6 (
19... Nxf6 20. Bxc6 Qxc6 21. Na5 Qd7 22. Nxb7 Qxb7 23. Qxe6+ $18) 20. Na5 Rd7
21. Nxb7 Qxb7 22. g3 $14) 19. Bc1 $1 {[%cal Gf3d2,Gd2c4] Intending to transfer
the knight to c4.Strangely enough black is totally deprived counterplay and it
explains his blunder on the next move.} Ba6 $2 20. Nbxd4 $1 Nxd4 21. Nxd4 f5 $8
(21... Qxd4 22. Rxa6 Qxe5 $4 23. Bh7+ $18) 22. exf6 $1 {White keeps on playing
very energetically and doesn't give black any hopes of survival.} (22. Bf3 Bb7
23. Nb3) 22... Nxf6 23. Nc6 $1 Bc5 $5 24. Nxd8 Nxe4 25. Qxe4 Bxf2+ (25... Rxf2
26. Qxe6+ Kh8 27. Qxb6 Bxb6 28. Rxa6 $18) 26. Kh1 Rxd8 27. Bxh6 $1 $18 Bb7 28.
Qg6 Bd4 29. Rf1 $1 Qc6 (29... Bxb2 30. Rf7 {[%csl Rg7]} Bxg2+ 31. Kxg2 Qc6+ 32.
Kh3 Rxd3+ 33. Qxd3 Bxa1 34. Rf1 $18) 30. Rac1 Qxg2+ 31. Qxg2 Bxg2+ 32. Kxg2
gxh6 33. Rc4 Bxb2 34. Rxb4 Bg7 35. Rf3 Rd7 36. Re4 Re7 37. Kh3 Kh7 38. Rfe3 e5
39. Rf3 Rd7 40. Kh4 Rb7 41. h3 Ra7 (41... Rb6 42. Rc4 Ra6 43. Rc7 $18 {[%cal
Gf3g3]}) 42. Rc4 Rd7 43. Kg4 Ra7 44. Kf5 Rf7+ 45. Ke4 Rd7 46. Rc6 h5 47. Ra6
Bh8 (47... Rb7 48. Rf5 Rb4+ 49. Kf3 h4 50. Rf7 Rb3 51. Ke3 $18) 48. Rb6 Bg7 49.
Rc6 Bh8 (49... Rd4+ 50. Kf5 Rd8 51. Kg5 Rd5 52. Kh4 Rb5 53. Rd6 $18 {[%cal
Gf3f5]}) 50. Rf5 Rd4+ 51. Ke3 Rh4 52. Rf7+ Kg8 53. Rf3 {[%cal Gc6c4]} Rd4 54.
Rc7 $1 1-0

[Event "RUS Cup final 4th"]
[Site "Elista"]
[Date "2000.08.24"]
[Round "5"]
[White "Najer, Evgeniy"]
[Black "Grischuk, Alexander"]
[Result "1/2-1/2"]
[WhiteElo "2597"]
[BlackElo "2606"]
[PlyCount "54"]
[EventDate "2000.08.19"]
[EventType "tourn"]
[EventRounds "11"]
[EventCountry "RUS"]
[EventCategory "12"]
[SourceTitle "CBM 079"]
[Source "ChessBase"]
[SourceDate "2000.11.21"]
[SourceVersion "1"]
[SourceVersionDate "2000.11.21"]
[SourceQuality "1"]

1. d4 d5 2. c4 e6 3. Nc3 c6 4. e3 f5 5. Qc2 Nf6 6. Bd3 a6 7. Bd2 Be7 8. Nf3 O-O
9. O-O Ne4 10. Ne2 Bd7 11. Ne5 Nxd2 12. Qxd2 Be8 13. Nf4 Rf6 14. Qc2 Nd7 15.
cxd5 cxd5 16. Qb3 Nb6 17. a4 Rb8 18. a5 Nd7 19. g4 fxg4 20. Nxg4 Rxf4 21. exf4
Bd6 22. Rae1 Bxf4 23. Qc2 h5 24. Ne5 Nxe5 25. dxe5 Qg5+ 26. Kh1 Qd8 27. Kg1
Bxh2+ 1/2-1/2

[Event "RUS Cup final 4th"]
[Site "Elista"]
[Date "2000.08.25"]
[Round "6"]
[White "Grischuk, Alexander"]
[Black "Balashov, Yuri S"]
[Result "1-0"]
[WhiteElo "2606"]
[BlackElo "2575"]
[PlyCount "49"]
[EventDate "2000.08.19"]
[EventType "tourn"]
[EventRounds "11"]
[EventCountry "RUS"]
[EventCategory "12"]
[SourceTitle "CBM 079"]
[Source "ChessBase"]
[SourceDate "2000.11.21"]
[SourceVersion "1"]
[SourceVersionDate "2000.11.21"]
[SourceQuality "1"]

1. e4 e5 2. Nf3 Nc6 3. Bb5 a6 4. Ba4 Nf6 5. O-O Bc5 6. c3 Ba7 7. d4 O-O 8. Bg5
Ne7 9. Bxf6 gxf6 10. dxe5 Ng6 11. exf6 Qxf6 12. Nd4 d5 13. exd5 Rd8 14. Bb3 c5
15. dxc6 Bxd4 16. cxd4 Rxd4 17. Nd2 Nf4 18. Qf3 Rxd2 19. cxb7 Bxb7 20. Qxb7 Rf8
21. Rae1 Kg7 22. Re3 Ne2+ 23. Kh1 Nd4 24. Rg3+ Kh8 25. Qb4 1-0

[Event "RUS Cup final 4th"]
[Site "Elista"]
[Date "2000.08.27"]
[Round "8"]
[White "Grischuk, Alexander"]
[Black "Kruppa, Yuri"]
[Result "1/2-1/2"]
[WhiteElo "2606"]
[BlackElo "2582"]
[Annotator "Psakhis,L"]
[PlyCount "56"]
[EventDate "2000.08.19"]
[EventType "tourn"]
[EventRounds "11"]
[EventCountry "RUS"]
[EventCategory "12"]
[SourceTitle "CBM 079"]
[Source "ChessBase"]
[SourceDate "2000.11.21"]
[SourceVersion "1"]
[SourceVersionDate "2000.11.21"]
[SourceQuality "1"]

1. e4 e6 2. d4 d5 3. e5 c5 4. c3 Nc6 5. Nf3 Qb6 6. a3 Nh6 7. b4 cxd4 8. cxd4
Nf5 9. Bb2 Bd7 10. g4 {Aggressive move.White got less then nothing after} (10.
h4 Rc8 11. g4 Nh6 12. Rg1 Na5 $1 13. Nfd2 Be7 14. Bc3 Nc4 15. Nxc4 dxc4 16. Nd2
O-O 17. g5 Nf5 $17 {[%csl Gf5][%cal Rf5d4,Rf5h4] 0-1 Kozak,A-Antonio,R/
FIDE-Wch k.o. Las Vegas 1999/CBM 72 (35)}) ({or} 10. Nc3 $6 Ncxd4 11. Nxd4 Qxd4
12. Qxd4 Nxd4 13. Nxd5 Nc2+ 14. Kd1 Rc8 15. Rc1 Ba4 16. Nc3 Rd8+ 17. Ke2 Nd4+
18. Ke1 Nc2+ 19. Ke2 Nd4+ {1/2-1/2 Rainfray,A-Kosten,A/Naujac sur Mer IM 2000/
(19)}) ({but worth consideration modest} 10. Be2) 10... Nfe7 (10... Nh6 {
was also possible -} 11. Rg1 f6 12. exf6 gxf6 13. Nc3 Nf7 14. Na4 Qc7 15. Rc1
Qf4 16. Nc5 Bxc5 17. dxc5 Nce5 18. Nxe5 Nxe5 19. Rg3 $1 $14 {1/2-1/2 Short,
N-Lputian,S/EU t-ch Batumi 1999/CBM 74 (70)}) 11. Nc3 Na5 $5 {[%cal Ga5c4]
[%mdl 4] White got few weaknesses on the queen's side and Kruppa tries to
explore them.} (11... h5 12. g5 (12. Na4 $5) 12... Ng6 13. Na4 Qd8 14. Rc1 Be7
15. Rg1 O-O 16. h4 a5 17. b5 Na7 18. Qb3 Nc8 19. Bc3 Nxh4 $5 20. Nxh4 Bxg5 21.
Qd1 Bxc1 22. Qxh5 Be8 23. Bd3 f5 {1/2-1/2 Peng Xiaomin-Korchnoi,V/Calcutta
Goodricke op 2000/ (23)}) 12. Nd2 (12. Na4 Qc6 13. b5 Qc7 14. Bc3 Nc4 15. Qb3
b6 16. Nb2 Nxb2 17. Qxb2 Rc8 18. Rc1 Ng6 $11 {1/2-1/2 Bardossi,J-Gyarmati,P/
HUN t-ch2 1999 (26)}) 12... Rc8 13. Rc1 $146 ({Black did very well after} 13.
Na4 Qc6 14. b5 Qc7 15. Rc1 Qd8 16. Bd3 Rxc1 17. Qxc1 Ng6 18. Nf3 Nc4 19. Bxc4
dxc4 20. Qxc4 a6 21. Nc3 axb5 22. Qb3 Nf4 $36 {0-1 Relange,E-Antic,D/Sabac
1998 (53)}) 13... Ng6 14. h4 Be7 ({Worth consideration and double-egged piece
sacrifice.} 14... Qxd4 $5 15. bxa5 Nxe5 16. Be2 (16. Nb3 Qf4 $5 $44 {[%csl Re1]
}) 16... Qf4 $13 (16... Bc5 17. Rf1 Qf4 18. Nb3 Be7 $132)) 15. h5 Nf4 (15...
Nh4 $5) 16. Qf3 (16. Na4 $2 {leads to Black's advantage after} Rxc1 17. Qxc1 (
17. Bxc1 Qxd4 18. Bb2 Nd3+ 19. Bxd3 Qxd3 20. bxa5 Qb5 $1 {[%csl Ra4,Rb2]})
17... Bxa4 18. bxa5 Qxa5 19. Qc8+ Bd8 20. Qxb7 O-O $17) 16... Bg5 17. Ne2 Rxc1+
(17... Nxe2 18. Rxc8+ Bxc8 19. Qxe2 Nc6 20. Nf3 $14) 18. Nxc1 (18. Bxc1 $2 Nxe2
19. Qxe2 Nc6 $17 {[%csl Rd4]}) 18... O-O 19. h6 (19. Qc3 Nc4 $5 20. Nxc4 (20.
Bxc4 dxc4 21. Ne4 Bc6 $1) 20... dxc4 21. Qxc4 Rc8 22. Qb3 Qc6 $17) 19... g6 20.
Nd3 Nxd3+ (20... f6 21. Nxf4 fxe5 22. Nxd5 $1) 21. Bxd3 Nc6 (21... f5 $5 22.
gxf5 $140 (22. exf6 Nc6 $1) 22... Bxd2+ 23. Kxd2 Nc4+ 24. Bxc4 dxc4 $17 {
[%cal Rd7c6,Rf8f5]}) 22. Qg3 (22. Nb3 Nxb4 $1) {[%tqu "En","Try to find best
move for a Black","","","c6b4","",0]} 22... Nxd4 $6 {[%mdl 8192] Kruppa just
take wrong pawn! After simple} (22... Nxb4 $1 23. axb4 Qxb4 {Black could get
decisive advantage, for instance:} 24. Bc1 (24. f4 Qxb2) 24... Rc8 25. O-O Bxd2
26. Bxd2 Qxd2 $19) 23. f4 Be7 ({Second mistake .Why not?} 23... Bd8 $142 24.
Qf2 Nc6 $17) 24. Qf2 Nc6 25. Qxb6 axb6 26. g5 $1 $44 Na7 27. Ke2 Rc8 28. Rc1
Rxc1 (28... Rxc1 29. Bxc1 {[%cal Gd2f3,Gc1b2]}) 1/2-1/2

[Event "RUS Cup final 4th"]
[Site "Elista"]
[Date "2000.08.28"]
[Round "9"]
[White "Lastin, Alexander"]
[Black "Grischuk, Alexander"]
[Result "1/2-1/2"]
[WhiteElo "2580"]
[BlackElo "2606"]
[PlyCount "35"]
[EventDate "2000.08.19"]
[EventType "tourn"]
[EventRounds "11"]
[EventCountry "RUS"]
[EventCategory "12"]
[SourceTitle "CBM 079"]
[Source "ChessBase"]
[SourceDate "2000.11.21"]
[SourceVersion "1"]
[SourceVersionDate "2000.11.21"]
[SourceQuality "1"]

1. d4 d5 2. c4 e6 3. Nf3 c6 4. Qc2 dxc4 5. Qxc4 Nf6 6. Bg5 b5 7. Qc2 Bb7 8. e4
Nbd7 9. Bd3 a6 10. a4 h6 11. Bh4 Qb6 12. Nbd2 c5 13. axb5 axb5 14. Rxa8+ Bxa8
15. dxc5 Bxc5 16. O-O O-O 17. Nb3 Be7 18. Rc1 1/2-1/2

[Event "RUS Cup final 4th"]
[Site "Elista"]
[Date "2000.08.30"]
[Round "11"]
[White "Utnasunov, Alexander"]
[Black "Grischuk, Alexander"]
[Result "1-0"]
[WhiteElo "2257"]
[BlackElo "2606"]
[Annotator "Hecht,H"]
[PlyCount "103"]
[EventDate "2000.08.19"]
[EventType "tourn"]
[EventRounds "11"]
[EventCountry "RUS"]
[EventCategory "12"]
[SourceTitle "CBM 079"]
[Source "ChessBase"]
[SourceDate "2000.11.21"]
[SourceVersion "1"]
[SourceVersionDate "2000.11.21"]
[SourceQuality "1"]

1. d4 Nf6 2. c4 g6 3. Nc3 Bg7 4. e4 d6 5. f3 O-O 6. Be3 e5 7. d5 c6 8. Bd3 b5
9. b4 a5 10. a3 axb4 11. axb4 Rxa1 12. Qxa1 bxc4 13. Bxc4 cxd5 14. Nxd5 Nxd5
15. Bxd5 Bh6 16. Bxh6 Qh4+ 17. g3 Qxh6 18. Qc3 Nd7 19. Ne2 Nf6 20. Qd2 Qxd2+
21. Kxd2 Nxd5 22. exd5 Bb7 23. Nc3 Ra8 24. Re1 Kf8 25. Re4 Ke7 26. Rc4 Kd7 27.
b5 f5 28. Rh4 h5 29. g4 Rh8 30. gxf5 gxf5 31. f4 Kc7 32. Kd3 Kb6 33. Kc4 Ka5
34. fxe5 dxe5 35. d6 Rc8+ 36. Kb3 Bf3 37. Ra4+ Kb6 38. Kb4 f4 39. Ra6+ Kb7 40.
Na4 Rd8 41. Nc5+ Kb8 42. Ne6 Rd7 43. Nc5 Rd8 44. d7 Bg4 45. b6 Rxd7 46. Nxd7+
Bxd7 47. Ra7 Bc6 48. Re7 Bg2 (48... e4 49. Kc5 Bb7 (49... Ba8 50. Re8+ Kb7 51.
Rxe4 $18) 50. Re8+ Bc8 51. Kc6 f3 52. b7 $18) 49. Rxe5 f3 50. Rf5 h4 51. Rf7 h3
52. Kb5 (52. Kb5 Ka8 (52... Kc8 53. b7+ Kb8 54. Kb6 $18) (52... Bf1+ 53. Kc6
Ba6 54. Rf8+ Bc8 55. b7 $18) (52... Bh1 53. Ka6 $18) (52... f2 53. Rxf2 Be4 54.
Rf7 Bd5 55. Rg7 Bg2 56. Kc5 Bf3 57. b7 Ka7 58. Rg3 Bg2 59. Rb3 Kb8 60. Kb6 $18)
53. Kc6 f2+ 54. Kc7 f1=Q 55. Rxf1 Bxf1 56. b7+ $18) 1-0

[Event "Torshavn op 3rd"]
[Site "Torshavn"]
[Date "2000.10.07"]
[Round "2"]
[White "Rowson, Jonathan"]
[Black "Grischuk, Alexander"]
[Result "0-1"]
[WhiteElo "2494"]
[BlackElo "2606"]
[PlyCount "62"]
[EventDate "2000.10.06"]
[EventType "swiss"]
[EventRounds "9"]
[EventCountry "FAI"]
[SourceTitle "CBM 078 Extra"]
[Source "ChessBase"]
[SourceDate "2000.11.10"]
[SourceVersion "1"]
[SourceVersionDate "2000.11.10"]
[SourceQuality "1"]

1. e4 e5 2. Nf3 Nc6 3. Bb5 a6 4. Ba4 Nf6 5. O-O Be7 6. Re1 b5 7. Bb3 d6 8. c3
O-O 9. h3 Na5 10. Bc2 c5 11. d4 Bb7 12. d5 Nc4 13. a4 Nb6 14. Nbd2 g6 15. a5
Nbd7 16. b3 Nh5 17. Nf1 Bf6 18. N1h2 Kh8 19. Be3 Bg7 20. Qd2 f5 21. exf5 gxf5
22. Bg5 Bf6 23. Bh6 Bg7 24. Bg5 Bf6 25. Bh6 e4 26. Ng5 Qe7 27. Bxf8 Nxf8 28.
Nxe4 fxe4 29. Bxe4 Qg7 30. Rac1 Bg5 31. Qd3 Bxc1 0-1

[Event "Torshavn op 3rd"]
[Site "Torshavn"]
[Date "2000.10.08"]
[Round "3"]
[White "Grischuk, Alexander"]
[Black "Stefansson, Hannes"]
[Result "1-0"]
[WhiteElo "2606"]
[BlackElo "2557"]
[PlyCount "87"]
[EventDate "2000.10.06"]
[EventType "swiss"]
[EventRounds "9"]
[EventCountry "FAI"]
[SourceTitle "CBM 078 Extra"]
[Source "ChessBase"]
[SourceDate "2000.11.10"]
[SourceVersion "1"]
[SourceVersionDate "2000.11.10"]
[SourceQuality "1"]

1. e4 e5 2. Nf3 Nc6 3. Bb5 a6 4. Ba4 Nf6 5. O-O b5 6. Bb3 Bc5 7. a4 Bb7 8. d3
O-O 9. Nc3 b4 10. Nd5 h6 11. Be3 Nd4 12. Bxd4 exd4 13. Ne5 Nxd5 14. exd5 Bd6
15. f4 Bxe5 16. fxe5 Qg5 17. Qe1 c5 18. Qe4 Rae8 19. Rf5 Qe3+ 20. Qxe3 dxe3 21.
Re1 g6 22. Rf3 Rxe5 23. Rfxe3 Rg5 24. Re5 d6 25. Rxg5 hxg5 26. Re7 Bc8 27. Bc4
Kg7 28. a5 g4 29. Ra7 Kf6 30. Ra8 Ke7 31. Bxa6 Bxa6 32. Rxa6 f5 33. Rb6 Ra8 34.
a6 g5 35. c4 bxc3 36. bxc3 Kd7 37. Kf2 Kc7 38. Rc6+ Kd7 39. Rb6 Kc7 40. Rc6+
Kd7 41. Kg3 Ra7 42. c4 Ra8 43. Rb6 Ra7 44. Rb7+ 1-0

[Event "Torshavn op 3rd"]
[Site "Torshavn"]
[Date "2000.10.09"]
[Round "4"]
[White "Conquest, Stuart"]
[Black "Grischuk, Alexander"]
[Result "0-1"]
[WhiteElo "2529"]
[BlackElo "2606"]
[PlyCount "82"]
[EventDate "2000.10.06"]
[EventType "swiss"]
[EventRounds "9"]
[EventCountry "FAI"]
[SourceTitle "CBM 078 Extra"]
[Source "ChessBase"]
[SourceDate "2000.11.10"]
[SourceVersion "1"]
[SourceVersionDate "2000.11.10"]
[SourceQuality "1"]

1. c4 e6 2. g3 d5 3. Bg2 Nf6 4. Nf3 dxc4 5. Qa4+ c6 6. Qxc4 b5 7. Qc2 Bb7 8.
Nc3 Nbd7 9. O-O a6 10. a4 Rc8 11. b3 Be7 12. Bb2 O-O 13. Ne4 Nd5 14. Rfc1 c5
15. axb5 axb5 16. Qd3 Nb4 17. Qe3 Qb6 18. Qf4 f5 19. Nc3 h6 20. d3 Rcd8 21. Qe3
Bf6 22. Nd1 Bxb2 23. Nxb2 Nd5 24. Qd2 e5 25. Qa5 Qc6 26. Qe1 Rde8 27. Nd2 Qb6
28. Nd1 Nb4 29. Bxb7 Qxb7 30. Qf1 Nc6 31. Qg2 e4 32. dxe4 Nd4 33. f3 fxe4 34.
fxe4 Nf6 35. e3 Ne6 36. e5 Qxg2+ 37. Kxg2 Ng4 38. Nf3 Rd8 39. h3 Nxe5 40. Nxe5
Rd2+ 41. Kg1 Ng5 0-1

[Event "Torshavn op 3rd"]
[Site "Torshavn"]
[Date "2000.10.11"]
[Round "6"]
[White "Grischuk, Alexander"]
[Black "Baburin, Alexander"]
[Result "1-0"]
[WhiteElo "2606"]
[BlackElo "2590"]
[PlyCount "89"]
[EventDate "2000.10.06"]
[EventType "swiss"]
[EventRounds "9"]
[EventCountry "FAI"]
[SourceTitle "CBM 078 Extra"]
[Source "ChessBase"]
[SourceDate "2000.11.10"]
[SourceVersion "1"]
[SourceVersionDate "2000.11.10"]
[SourceQuality "1"]

1. e4 Nf6 2. e5 Nd5 3. d4 d6 4. Nf3 dxe5 5. Nxe5 g6 6. c4 Nb6 7. Nc3 Bg7 8. Be3
O-O 9. Rc1 c5 10. Be2 cxd4 11. Bxd4 Bh6 12. Ra1 f6 13. Ng4 Bxg4 14. Bxg4 Nc6
15. Bc5 Ne5 16. Be6+ Kg7 17. Nd5 Nxd5 18. cxd5 Qa5+ 19. b4 Qa6 20. Qe2 Nd3+ 21.
Kf1 Nxc5 22. bxc5 Qxe2+ 23. Kxe2 b6 24. c6 Bf4 25. Kd3 b5 26. g3 Bc7 27. Rhb1
Rfb8 28. a4 b4 29. Kc4 a5 30. Kb3 Bd6 31. Re1 h5 32. Rac1 Ra7 33. Rc4 Rc7 34.
Rec1 Ra8 35. h4 g5 36. g4 Rh8 37. Rg1 Kf8 38. gxh5 Rxh5 39. Rcg4 Kg7 40. f4 Ra7
41. fxg5 Ra8 42. gxf6+ Kxf6 43. Rf1+ Ke5 44. Rg5+ Rxg5 45. hxg5 1-0